000 00707nam a2200193 a 4500
008 160405s2011 ||||||||||||||||| || u
020 _a9789350251997
050 _aRK 305 Sin
100 _aSingh, Abhinav
245 1 0 _aTrace elements and dental caries
_cBy Abhinav Singh
260 _aNew Delhi:
_bJaypee Brothers Medical publishers
_c2011
300 _axvi, 171p.
350 _a21.00
650 _aDENTAL CARIES
650 _aTRACE ELEMENTS
650 _aTEETH--DISEASES
650 _aDENTAL CARIES--ETIOLOGY
995 _aMICHAEL CHILUFYA SATA OPEN ACCESS
_e903462
_FCBU-SCHOOL OF MEDICINE LIBRARY (Ndola)
_I21.00
_jRK 305 Sin
_M1
_UAVAILABLE
_WApr 11, 2016
_y903462
_ZMedical Library Open Access Collection
999 _c32926
_d32926